Catálogo
 En Linea

Programa / (Registro nro. 51951)

Detalles MARC
000 -CABECERA
campo de control de longitud fija 00924nam a22002297a 4500
003 - IDENTIFICADOR DEL NÚMERO DE CONTROL
campo de control DO-SdBNP
005 - FECHA Y HORA DE LA ÚLTIMA TRANSACCIÓN
campo de control 20220607122912.0
008 - DATOS DE LONGITUD FIJA--INFORMACIÓN GENERAL
campo de control de longitud fija 110613s2006 dr 000 0 spa d
040 ## - FUENTE DE LA CATALOGACIÓN
Centro catalogador/agencia de origen DO-SdBNP
Lengua de catalogación spa
Centro/agencia transcriptor BNPHU
082 ## - NÚMERO DE LA CLASIFICACIÓN DECIMAL DEWEY
Número de clasificación 581.980
Número de documento/Ítem C749La
111 2# - ENTRADA PRINCIPAL--NOMBRE DE CONGRESO/REUNIÓN
Nombre de congreso/reunión o jurisdicción como elemento de entrada Congreso Latinoamericano de Botánica
Número del congreso/reunión o número de parte o sección (9:
Fecha del congreso/reunión 2006 : 18-25 junio
Sede del congreso/Lugar de la reunión Santo Domingo, República Dominicana)
9 (RLIN) 57545
245 10 - MENCIÓN DE TÍTULO
Título Programa /
260 ## - PUBLICACIÓN, DISTRIBUCIÓN, ETC.
Lugar de publicación, distribución, etc. Santo Domingo :
Nombre del editor, distribuidor, etc. Jardín Botánico Nacional,
-- Amigo del Hogar,
Fecha de publicación, distribución, etc. 2006.
300 ## - DESCRIPCIÓN FÍSICA
Extensión 156 p. :
Dimensiones 28 cm.
590 ## - NOTA LOCAL (RLIN)
Nota local Inventariado,2022/ YL
650 #4 - PUNTO DE ACCESO ADICIONAL DE MATERIA--TÉRMINO DE MATERIA
Término de materia o nombre geográfico como elemento de entrada Botánica
Subdivisión geográfica América Latina
Subdivisión general Congresos, conferencias, etc.
9 (RLIN) 57546
650 #4 - PUNTO DE ACCESO ADICIONAL DE MATERIA--TÉRMINO DE MATERIA
Término de materia o nombre geográfico como elemento de entrada Botánica
Subdivisión geográfica República Dominicana
Subdivisión general Congresos, conferencias, etc.
9 (RLIN) 57547
650 #4 - PUNTO DE ACCESO ADICIONAL DE MATERIA--TÉRMINO DE MATERIA
Término de materia o nombre geográfico como elemento de entrada Flora
Subdivisión geográfica América Latina
Subdivisión general Congresos, conferencias, etc.
9 (RLIN) 57548
650 #4 - PUNTO DE ACCESO ADICIONAL DE MATERIA--TÉRMINO DE MATERIA
Término de materia o nombre geográfico como elemento de entrada Ecología forestal
Subdivisión geográfica América Latina
Subdivisión general Congresos, conferencias, etc.
9 (RLIN) 57549
910 ## - DATOS DE OPCIÓN DEL USUARIO (OCLC)
Datos de opción del usuario YLockward
942 ## - ELEMENTOS DE PUNTO DE ACCESO ADICIONAL (KOHA)
Fuente del sistema de clasificación o colocación Dewey Decimal Classification
Tipo de ítem Koha Libro
Existencias
Estado de retiro Estado de pérdida Fuente del sistema de clasificación o colocación Restricciones de uso No para préstamo Código de colección Localización permanente Ubicación/localización actual Ubicación en estantería Fecha de adquisición Fuente de adquisición Signatura topográfica completa Código de barras Fecha visto por última vez Precio válido a partir de Tipo de ítem Koha
    Dewey Decimal Classification Excluido de préstamo   Patrimonio Dominicano Biblioteca Nacional Pedro Henríquez Ureña Biblioteca Nacional Pedro Henríquez Ureña Depósito 02.07.2018 CERTV 581.980 C749La 2022-2782 07.06.2022 07.06.2022 Libro

Con tecnología Koha